000 00283nam a22001217a 4500
005 20250821102107.0
008 250821b |||||||| |||| 00| 0 eng d
082 _a005
_bJOH-S
100 _aJohn Higgs
245 _aStranger Than We Can Imagine
650 _aOther Books
999 _c37066
_d37066